000 00833nam a2200265 i 4500
003 DO-SdBNP
005 20260127132458.0
007 ta
008 260127b2022 dr ac||| |||| 00| 0 spa d
020 _a9789945505238
040 _aDO-SdBNP
_bspa
_cBNPHU
_erda
041 _aspa
082 4 _axxx
_bxxx
_222
100 _aSambula Doherty, Nelita M.,
_eautor
_4aut.
_988908
245 1 0 _aEs lo que es-It is what it is and other belizean stories /
_cNelita M. Sambula Doherty
250 _aPrimera edición
264 _aSanto Domingo :
_bEditora Centenario,
_c2022.
300 _a233 páginas :
_bilustraciones, retratos ;
_c22 cm.
336 _atexto
_btxt
_2rdacontent
337 _asin mediación
_bn
_2rdamedia
338 _avolumen
_bnc
_2rdacarrier
590 _aInventariado, 2026/BT
910 _aBtavárez
942 _2ddc
_cLBS1
999 _c60146
_d60146